Илюстрована гоетия на Алистър Кроули (Запис номер 69180)
[ съкратено ]
| 000 -Лидер | |
|---|---|
| Контролно поле с фиксирана дължина | 01945nam a2200385 c 4500 |
| 003 - Код на организацията, давaща контролен номер | |
| Контролно поле | BLK |
| 005 - Дата и час на последна редакция | |
| Контролно поле | 20180420223647.0 |
| 008 - Елементи от данни с фиксирана дължина | |
| fixed length control field | 180408b bul|||||r ||||||| ||bul|| |
| 010 ## - Наследен системен номер | |
| LC control number | KNG00073522000 |
| 020 ## - Международен стандартен номер на книга ISBN | |
| Международен стандартен номер на книга ISBN | 954-8208-37-Х |
| -- | издат.: Екслибрис |
| 040 ## - Източник на каталожния запис | |
| Идентификатор на билиотеката - собственик на записа | BLK |
| 041 ## - Код за език | |
| Код за езика на текст/звукозапис или на отделно заглавие | Български |
| Код за езика КДБФ | Български |
| 080 ## - УДК | |
| Текстов определител УДК | Парапсихология. Нумерология. - Халюцинации, пророчества, предсказания, магии, демонология, телепатия, спиритизъм, илюзии, нумерология, мошеничество. Вж и 133 ; 398.4 ; 615.851 |
| УДК код - определител по УДК | 159.961 |
| УДК определител | |
| УДК - код + определител | 159.961 |
| 080 ## - УДК | |
| Текстов определител УДК | Спиритизъм |
| УДК код - определител по УДК | 133.9 |
| УДК определител | |
| УДК - код + определител | 133.9 |
| 100 1# - Редна дума - Автор | |
| Автор | ДюКет, Лон Майло |
| Авторска отговорност | първи автор |
| R(LIN) | 66173 |
| 139 ## - Редно поле | |
| Редна дума | ДюКет, Лон Майло и др. |
| Авторски знак | Дю - Д 97 |
| 245 10 - Сведения за заглавието | |
| Заглавие | Илюстрована гоетия на Алистър Кроули |
| Подзаглавни данни | Сексуална евокация |
| Редно поле (дума) | Лон Майло ДюКет; съавт. Кристофър С. Хаят; ил. Дейвид П. Уилсън; прев. от англ. Илиян Лолов. |
| 257 ## - Страна на издаване | |
| Страна на създаване/издаване | Съединени американски щати |
| 260 ## - Област на издателските данни | |
| -- | София |
| Име на издателя, разпространителя и проч. | Екслибрис |
| Година на издаване | 2006 |
| 300 ## - Физическа характеристика | |
| Страници | 235 с. |
| Илюстрации и др. | с ил. |
| Размери/Мащаб | 20 см |
| 380 ## - Жанр | |
| Жанр | Философия |
| 500 ## - Общи забележки | |
| Забележка | Ориг. загл. Aleister Crowley's illustrated goetia : Sexual evocation / Lon Milo DuQuette, Christopher S. Hyatt. - Съдържа и магически кръгове, зваци, пентаграми и ритуали |
| 650 #4 - Допълнително описание по предмет – тема | |
| Основно описание – тема или топоним | Магия |
| 9 (RLIN) | 160893 |
| 650 #4 - Допълнително описание по предмет – тема | |
| Основно описание – тема или топоним | Демонология |
| 9 (RLIN) | 152996 |
| 653 ## - Ключова дума – ненормативна | |
| Ключова дума | магия |
| 653 ## - Ключова дума – ненормативна | |
| Ключова дума | демони |
| 700 1# - Други автори (авторска отговорност) | |
| Лично име | Хаят, Кристофър С. |
| Автороска отговорност (Описва отношението между автора и произведението) | съавт. |
| 9 (RLIN) | 294280 |
| 700 1# - Други автори (авторска отговорност) | |
| Лично име | Уилсън, Дейвид П. |
| Автороска отговорност (Описва отношението между автора и произведението) | ил. |
| 9 (RLIN) | 294292 |
| 700 1# - Други автори (авторска отговорност) | |
| Лично име | Лолов, Илиян |
| Автороска отговорност (Описва отношението между автора и произведението) | прев. от англ. |
| 9 (RLIN) | 244575 |
| 852 ## - Местоположение | |
| Форматна сигнатура | Цб 232773 |
| 856 4# - Електронен адрес и достъп | |
| Електронен формат | pdf - файл |
| Път до файла /url/ | |
| 856 4# - Електронен адрес и достъп | |
| Електронен формат | pdf - файл |
| Път до файла /url/ | |
| 942 ## - АРТИКУЛИ | |
| Вид на библиотечния материал | Книги |
| Скрит в OPAC | Не |
| 944 ## - СЪЗДАВАНЕ И РЕДАКЦИЯ на ЗАПИСА | |
| Създаване/Редакция | Създаване |
| Дата на регистрацията/редакция | 28.03.2007 |
| Служител, извършил регистрацията/редакцията | Цветанка_Енчева |
| 944 ## - СЪЗДАВАНЕ И РЕДАКЦИЯ на ЗАПИСА | |
| Създаване/Редакция | Редакция |
| Дата на регистрацията/редакция | 17.04.2007 |
| Служител, извършил регистрацията/редакцията | |
| 999 ## - СИСТЕМНИ КОНТРОЛНИ НОМЕРА | |
| Koha biblionumber | 69180 |
| Koha biblioitemnumber | 69180 |
| Код за отписване | Код за изгубен артикул | Код за повреда | Коз за рестрикции | Код за отдаване | Артикулен № | Име на библиотеката - собственик | Име на библиотеката, в която се намира в момента | Статус (Текущо местоположение) | Дата на вписване в системата | Местоположение - отдел | Цена в лева | Инвентарен номер | Систематично азбучна сигнатура | Баркод | Номер на екземпляра | Цена в евро | Служебна бележка | Служебен тип на артикула |
|---|---|---|---|---|---|---|---|---|---|---|---|---|---|---|---|---|---|---|
| Не е изгубен | Не е повреден | без рестрикции | ползва се в читалня | 113507 | Регионална библиотека "Любен Каравелов" Русе | Регионална библиотека "Любен Каравелов" Русе | Хранилище | 2007-04-02 | Хранилище | 7.00 | 120000711877 | Цб 232773 | 120000711877 | 1 | 3.58 | Дост: Dp Вид: Д N: 35 Дата: 02.08.2006 | Книги |